000 00448nam a2200181Ia 4500
003 OSt
005 20220429153439.0
008 210210b1988 xxu||||| |||| 00| 0 eng d
040 _aAL
_c
082 _a574 SURB
100 _aSURESHNATH (M L) & others.
_933028
245 _aBiology:
_ba text book for I PUC
260 _aMangalore
_bDeepa Publishers
_c1988
300 _a324
690 _aBiology
_933030
906 _a053279
942 _2ddc
_cBK
999 _c101679
_d101679